[Event "SRB Central-ch op"]
[Site "Pozarevac"]
[Date "2013.02.19"]
[Round "3"]
[White "Colovic, Zoran"]
[Black "Garic, Radomir"]
[Result "1/2-1/2"]
[WhiteElo "2131"]
[BlackElo "2271"]
[PlyCount "236"]
[EventDate "2013.02.18"]
[EventType "swiss"]
[EventRounds "9"]
[EventCountry "SRB"]
[SourceTitle "CBM 153 Extra"]
[Source "ChessBase"]
[SourceDate "2013.04.22"]
[SourceVersion "1"]
[SourceVersionDate "2013.04.22"]
[SourceQuality "1"]

1. e4 c5 2. c3 d5 3. exd5 Qxd5 4. d4 cxd4 5. cxd4 Nc6 6. Nf3 e5 7. Nc3 Bb4 8. Bd2 Bxc3 9. Bxc3 e4 10. Ne5 Nxe5 11. dxe5 Ne7 12. Qd4 Qxd4 13. Bxd4 Nc6 14. Bb5 Be6 15. 0-0 0-0-0 16. Be3 Rd5 17. Bxc6 bxc6 18. Rfc1 Kb7 19. Rc5 Rhd8 20. f4 exf3 21. gxf3 Rxc5 22. Bxc5 Rd5 23. b4 Rxe5 24. Kf2 Rh5 25. Kg3 Rg5+ 26. Kf4 Rg2 27. Bg1 Bxa2 28. h4 a6 29. h5 Be6 30. Bd4 Rh2 31. Bxg7 Rxh5 32. Bf8 Rh3 33. Ra3 h5 34. Ra1 Bd5 35. Rf1 Kb6 36. Bd6 Kb5 37. Ke3 a5 38. bxa5 Kxa5 39. Ra1+ Kb5 40. Rb1+ Kc4 41. Rb4+ Kc3 42. Rf4 Kc2 43. Be7 Rh1 44. Kf2 Kd3 45. Bf6 Rh2+ 46. Kg3 Rh1 47. Kf2 c5 48. Rf5 Kc4 49. Kg2 Rd1 50. Rxh5 Rd2+ 51. Kg3 Kb3 52. Rh1 Rd3 53. Rb1+ Kc2 54. Rb2+ Kc1 55. Rb5 c4 56. Kf4 Rxf3+ 57. Ke5 Be6 58. Bg5+ Kc2 59. Ke4 Rh3 60. Bf6 c3 61. Rc5 Kd2 62. Bg5+ Kd1 63. Ra5 c2 64. Ra1+ Ke2 65. Rc1 Bb3 66. Rg1 Rf3 67. Rg2+ Rf2 68. Rg3 f5+ 69. Ke5 f4 70. Rc3 Rf3 71. Rc5 Kd2 72. Ke4 c1Q 73. Rxc1 Bd5+ 74. Kxd5 Kxc1 75. Ke4 Rb3 76. Bxf4+ Kd1 77. Bd6 Rb5 78. Kf3 Rf5+ 79. Ke4 Rb5 80. Kf3 Kc2 81. Ke4 Kc3 82. Be5+ Kc4 83. Bc7 Rb2 84. Ke3 Kd5 85. Kf3 Kd4 86. Bd8 Rb1 87. Bf6+ Kd5 88. Bg7 Rb7 89. Bh6 Rf7+ 90. Bf4 Kd4 91. Kg3 Ke4 92. Bd6 Rd7 93. Bb8 Rd2 94. Bc7 Rb2 95. Bd6 Rb7 96. Kg2 Rb6 97. Bc7 Rb3 98. Bd6 Ke3 99. Bc5+ Ke2 100. Bd6 Rb6 101. Be5 Rg6+ 102. Bg3 Rg7 103. Kh2 Kf3 104. Bd6 Rd7 105. Bc5 Rd1 106. Bg1 Rd2+ 107. Kh1 Kg3 108. Bb6 Rc2 109. Bd4 Rc1+ 110. Bg1 Rc2 111. Bb6 Rh2+ 112. Kg1 Ra2 113. Bc7+ Kf3 114. Bd6 Rg2+ 115. Kh1 Rg6 116. Bb8 Kf2 117. Bh2 Rg8 118. Bd6 Ra8 1/2-1/2

[Event "SRB Central-ch op-A 5th"]
[Site "Paracin"]
[Date "2012.07.11"]
[Round "7"]
[White "Colovic, Zoran"]
[Black "Kovacevic, Bozo"]
[Result "1-0"]
[WhiteElo "2129"]
[BlackElo "1915"]
[PlyCount "111"]
[EventDate "2012.07.06"]
[EventType "swiss"]
[EventRounds "9"]
[EventCountry "SRB"]
[SourceTitle "CBM 149 Extra"]
[Source "ChessBase"]
[SourceDate "2012.08.24"]
[SourceVersion "1"]
[SourceVersionDate "2012.08.24"]
[SourceQuality "1"]

1. e4 e6 2. d4 d5 3. Nc3 dxe4 4. Nxe4 Nd7 5. Nf3 Ngf6 6. Ng3 c5 7. c3 Be7 8. Bd3 0-0 9. 0-0 b6 10. Re1 Bb7 11. Qe2 Re8 12. Ng5 cxd4 13. cxd4 Nf8 14. Be3 a6 15. h4 h6 16. Nf3 Nd5 17. h5 Nxe3 18. fxe3 Bh4 19. Nxh4 Qxh4 20. Qf2 Rac8 21. Rf1 Rc7 22. Rac1 Rec8 23. Rc3 b5 24. Rc5 f6 25. Ne4 Qxf2+ 26. Kxf2 Bxe4 27. Rxc7 Rxc7 28. Bxe4 Kf7 29. Bd3 Nd7 30. e4 Ke7 31. Ke3 Kd6 32. g4 e5 33. d5 Rc5 34. Kd2 a5 35. b3 b4 36. Bc4 Nf8 37. g5 hxg5 38. h6 Nd7 39. hxg7 Rc8 40. Bb5 Rg8 41. Bxd7 Kxd7 42. Rxf6 Rxg7 43. Ke2 Rg8 44. Re6 Rc8 45. Rxe5 Rc2+ 46. Kd3 Rxa2 47. Rxg5 a4 48. bxa4 b3 49. Rg6 Rxa4 50. Rb6 Ra3 51. Kd4 Ra4+ 52. Ke5 Ra3 53. Rb5 Kc7 54. Kd4 Kd6 55. e5+ Kc7 56. Kc5 1-0

[Event "SRB Central-ch op-A 5th"]
[Site "Paracin"]
[Date "2012.07.07"]
[Round "3"]
[White "Colovic, Zoran"]
[Black "Zarkovic, Mila"]
[Result "1-0"]
[WhiteElo "2129"]
[BlackElo "1996"]
[PlyCount "117"]
[EventDate "2012.07.06"]
[EventType "swiss"]
[EventRounds "9"]
[EventCountry "SRB"]
[SourceTitle "CBM 149 Extra"]
[Source "ChessBase"]
[SourceDate "2012.08.24"]
[SourceVersion "1"]
[SourceVersionDate "2012.08.24"]
[SourceQuality "1"]

1. e4 c5 2. c3 Nf6 3. e5 Nd5 4. Nf3 e6 5. Bc4 d6 6. 0-0 Be7 7. d4 cxd4 8. cxd4 Nc6 9. exd6 Qxd6 10. Nc3 Nxc3 11. bxc3 0-0 12. Qe2 b6 13. Re1 Bb7 14. Bd2 Rac8 15. Bd3 Na5 16. Ne5 Qd5 17. f3 f5 18. Rab1 Bh4 19. g3 Bf6 20. Rb5 Qd6 21. Kg2 Bxe5 22. Rxe5 Bd5 23. Bf4 Qc6 24. Ba6 Ra8 25. Qd3 Kh8 26. Bb5 Qc8 27. Ba6 Qc6 28. R5e2 Nc4 29. Rb1 Na3 30. Rb4 b5 31. Bxb5 Nxb5 32. Qxb5 Bxf3+ 33. Kf2 Qxb5 34. Rxb5 Bxe2 35. Kxe2 Kg8 36. c4 Rac8 37. c5 Rfd8 38. Be5 Rd7 39. Kd3 a6 40. Ra5 Rc6 41. Kc4 Kf7 42. Ra3 Rb7 43. d5 exd5+ 44. Kxd5 Rh6 45. h4 Re6 46. Bd6 Rb2 47. Rxa6 Rd2+ 48. Kc6 Kf6 49. Ra8 g6 50. a4 Rd3 51. Kc7 h6 52. a5 Re4 53. a6 Ra3 54. c6 Ra2 55. a7 Rea4 56. Bc5 g5 57. hxg5+ hxg5 58. Kb7 Ke6 59. c7 1-0

[Event "Nis op"]
[Site "Nis"]
[Date "2012.03.17"]
[Round "7"]
[White "Stojadinovic, Tomislav"]
[Black "Colovic, Zoran"]
[Result "0-1"]
[WhiteElo "1890"]
[BlackElo "2146"]
[PlyCount "92"]
[EventDate "2012.03.11"]
[EventType "swiss"]
[EventRounds "9"]
[EventCountry "SRB"]
[SourceTitle "CBM 147 Extra"]
[Source "ChessBase"]
[SourceDate "2012.04.24"]
[SourceVersion "1"]
[SourceVersionDate "2012.04.24"]
[SourceQuality "1"]

1. d4 c5 2. d5 b5 3. g3 d6 4. Bg2 Nf6 5. c4 a6 6. e4 Nbd7 7. b3 g6 8. Bb2 Bg7 9. Qc2 0-0 10. Nd2 Bb7 11. Nh3 b4 12. 0-0 a5 13. a4 bxa3 14. Rxa3 Qb6 15. Rfa1 Rfb8 16. Bc3 Ne8 17. Rxa5 Ra6 18. Rxa6 Bxa6 19. Bxg7 Nxg7 20. f4 Bc8 21. Nf2 f5 22. Re1 Qa5 23. Nd3 fxe4 24. Nxe4 Nf5 25. Nd2 Nd4 26. Qb2 Nf6 27. Rxe7 Bf5 28. Bf1 Bxd3 29. Bxd3 Qxd2 30. Qxd2 Nf3+ 31. Kg2 Nxd2 32. Bc2 Nxb3 33. Bxb3 Rxb3 34. Re6 Kf7 35. Rxd6 Rc3 36. g4 Rxc4 37. g5 Nh5 38. Rd7+ Kg8 39. Rd8+ Kf7 40. d6 Nxf4+ 41. Kf3 Ne6 42. Rd7+ Kf8 43. h4 Rxh4 44. Ra7 Nxg5+ 45. Kg3 Rd4 46. Ra8+ Kf7 0-1